00992cam a2200277 i 4500001001000000003000900010005001700019007000300036008004100039040003000080082002100110100004400131240003700175245008000212264003200292300002900324336002700353337003300380338002800413590002600441650005000467700004400517942001400561952012200575999001700697000012020DO-SdBNP20230510101714.0ta910204s1959 ag r 000 0 spa  aDO-SdBNPbspacBNPHUerda 4a830.9bR855a2221 aRougemont, Denis de,d1906-1985.92842810aL'amour et l'occidentlEspañol13aEl amor y occidente /cDenis de Rougemont ; traducción, Roberto E. Bixio. aBuenos Aires :bSur,c1959. a352 páginas ;c22 cm.  2rdacontentatextobtxt 2rdamediaasin mediaciónbn 2rdacarrieravolumenbnc aInventariado, 2022/BT 4aLiteratura suizaxCrítica e historia9284291 aBixio, Roberto E.,etraducción928430 2ddccLBS1 00102ddc51708GR-RVaBNPHUbBNPHUcHDd2009-11-03oBNPHU GR-RV 830.9 R855ap12020-10r2020-06-25w2020-06-25yLBS1 c11688d11688